| 000 | 00562nam a2200157Ia 4500 | ||
|---|---|---|---|
| 008 | 260520s2023 xx 000 0 und d | ||
| 041 | _amar | ||
| 082 | _a301.45/KHO | ||
| 100 | _aखोडवे, अच्युत | ||
| 245 | _aभारतातील मुसलमानांपुढील पेच | ||
| 250 | _a2nd ed | ||
| 260 |
_aमुंबई _bमहाराष्ट्र राज्य साहित्य आणि संस्कृती मंडळ _c2023 |
||
| 300 | _a128p. | ||
| 500 | _aCat No: 15207 | ||
| 650 | _aSOCIOLOGY | ||
| 999 |
_c1221931 _d1221931 |
||